Cultivo de microalgas marinhas: princípios e aplicacoes

Gardado en:
Detalles Bibliográficos
Autor Principal: Lourenco, Sergio O. (autor)
Formato: Libro
Idioma:portugués
Publicado: Sao Paulo Rima 2006
Subjects:
Tags: Engadir etiqueta
Sen Etiquetas, Sexa o primeiro en etiquetar este rexistro!

MARC

LEADER 00000nam a2200000 a 4500
001 UCI1186
003 CL-VaPUC
008 070622e20060000BL |||||||||||||||||por|d
020 |a 8576561131 
082 0 4 |a 639.89  |b LOU  |2 21 
100 |a Lourenco, Sergio O.  |e autor  |9 521521 
245 1 0 |a Cultivo de microalgas marinhas: princípios e aplicacoes 
300 |a 588 p 
942 |c BK 
945 |d 20070622 00:00:00  |a jtorresc 
260 |a Sao Paulo  |b Rima  |c 2006 
650 7 |a MICROALGAS  |2 CL-VaPUC  |9 350422 
650 0 |a Algicultura (Cultivo de algas)  |9 407638 
650 0 |a Acuicultura  |9 258883 
650 7 |a SISTEMAS DE CULTIVO  |2 CL-VaPUC  |9 364794 
650 0 |a Recursos marinos  |9 261196 
650 0 |a Plantas acuáticas  |9 338099 
583 |a last modification  |c 20070622 00:00:00  |k Rodrigo Vera 
999 |c 326027  |d 326025 
952 |0 0  |1 0  |4 0  |6 639_890000000000000_LOU_2006  |7 0  |8 CCM  |9 407640  |a BIBCUR  |b BIBCUR  |d 2019-11-22  |i 4348338  |l 1  |o 639.89 LOU 2006  |p 4348338  |r 2025-04-25  |s 2025-04-25  |w 2019-11-22  |y BK  |k CIM